00798nam a2200193 a 450000100100000000500170001000800410002704000250006808200180009310000290011124500720014026000860021230000220029850001160032050400260043604900090046295201160047199900170058700002918920200930055402.0110412s1998 dr 000 0 spa d aDO-SdBNPbspacBNPHU axxxx10bN127h1 aNadal Salas, Pablo9515413aHacia una teoría "A" de la administración /cPablo Nadal Salas. aSanto Domingo :bUniversidad Nacional Pedro Henríquez Ureña (UNPHU),c[1998]. a[18 p.] ;c22 cm. aConferencia dictada en la Universidad Nacional Pedro Henríquez Ureña (UNPHU) el día 23 de febrero de 1995 aBibliografía : p.18 aBNPD 0010718PDaPDbPDcCTd2011-04-14iLF1l0oxxxx10 N127hp29189-10r2020-06-25w2020-06-25yLFPDZNo se presta c28681d28681